000 00618nab a2200205 a 4500
005 20210219155117.0
008 991125s1985 mx 000 0 spa u
035 _aUPN01000138746
100 1 _aLara-Barragán Gómez, Antonio
222 _aREVISTA MEXICANA DE PEDAGOGIA
245 _aUn enfoque alternativo para la enseñanza de la fisíca
300 _aX-XIII
362 0 _a2004 Año 15, no. 75, ene.-feb.
653 0 _aEDUCACION MEDIA SUPERIOR
653 0 _aFISICA
653 0 _aENSEÑANZA
700 0 _aCerpa Cortés, Gillermo,
_ecoaut.
700 0 _aNuñez Trejo, Héctor,
_ecoaut.
905 _aArticulo
999 _c110894
_d110894